书目信息 |
| 题名: |
海洋化学进展
|
|
| 作者: | 刘莲生 , 张正斌 编著 | |
| 分册: | ||
| 出版信息: | 北京 化学工业出版社 2005 |
|
| 页数: | ||
| 开本: | 26cm | |
| 丛书名: | 化学进展丛书 | |
| 单 册: | ||
| 中图分类: | P734 | |
| 科图分类: | ||
| 主题词: | 海洋学--基础理论 | |
| 电子资源: | ||
| ISBN: | 7-5025-5833-0 | |
| 000 | 00658nam0 2200217 450 | |
| 001 | 0754114953 | |
| 005 | 20070929150154.95 | |
| 010 | @a7-5025-5833-0@b精装 | |
| 100 | @a20070929d km y0chiy0120 ea | |
| 101 | 0 | @achi |
| 200 | 1 | @a海洋化学进展@Ahai yang hua xue jin zhan@f张正斌,刘莲生 编著@Fzhang zheng bin,liu lian sheng bian zhu |
| 210 | @a北京@c化学工业出版社@d2005 | |
| 215 | @c插图@d26cm | |
| 225 | 2 | @a化学进展丛书 |
| 410 | 0 | @12001 @a化学进展丛书 |
| 606 | 0 | @a海洋学@x基础理论 |
| 690 | @aP734@v3 | |
| 701 | 0 | @a刘莲生@Aliu lian sheng@4编著 |
| 701 | 0 | @a张正斌@Azhang zheng bin@4编著 |
| 801 | 0 | @aCN@bPFT@c20070929 |
| 905 | @a213230@dP734@eh7@f1 | |
| 海洋化学进展/张正斌,刘莲生 编著.-北京:化学工业出版社,2005 |
| 插图;26cm.-(化学进展丛书) |
| ISBN 7-5025-5833-0(精装): |
| ● |
| 相关链接 |
|
|
|
|
正题名:海洋化学进展
索取号:P734/h7
 
预约/预借
| 序号 | 登录号 | 条形码 | 馆藏地/架位号 | 状态 | 备注 |
| 1 | 6002443 | 260024431 | 密集书库-化学系/ [索取号:P734/h7] | 在馆 | |
| 2 | 6002444 | 260024440 | 密集书库-化学系/ [索取号:P734/h7] | 在馆 |